000 00626nam a2200229 i 4500
001 326392
003 GBCCL
005 20241126110339.0
008 750917s1975 miuaf 000 0aeng
010 _a 75006178
020 _c$6.95
040 _aDLC
_cDLC
_dDLC
050 0 0 _aML420.C265
_bA3
082 0 0 _a784.092
_aB
_bCAS
100 1 _aCash, Johnny.
245 1 0 _aMan in black /
_cJohnny Cash.
260 _aGrand Rapids :
_bZondervan Pub. House,
_cc1975.
300 _a244 p., [12] leaves of plates :
_bill. ;
_c23 cm.
600 1 0 _aCash, Johnny.
906 _a7
_bcbc
_corignew
_d2
_eocip
_f19
_gy-gencatlg
942 _2ddc
_cBK
999 _c470
_d470